| 000 | 00843cam a2200265 4500 | ||
|---|---|---|---|
| 008 | 090401t1987 xxu||||| |||| 00| 0 eng d | ||
| 020 | _a0854063560 | ||
| 022 | _a0309-2119 | ||
| 035 | _a(Sirsi) u45207 | ||
| 041 | _aeng | ||
| 050 | _a526.9072 | ||
| 090 | _aRICS 1987/48ABC | ||
| 110 |
_aRoyal Institution of Chartered Surveyors _94900 |
||
| 245 | _aDirectory of research and development activities in the United Kingdom in land survey and related fields | ||
| 250 | _a4th ed. | ||
| 260 |
_aLondon _bRICS Land Surveyors Division _c1987 |
||
| 300 | _a101p. ; 21cm. | ||
| 350 | _a5.25 | ||
| 490 | _aDirectory of Research and Development Activities | ||
| 520 | _aCompiled and edited by Dowman,I.J. , Harris,David , and Robin,Claire . | ||
| 650 | _aDIRECTORIES | ||
| 650 | _aLAND SURVEYING | ||
| 942 | _n0 | ||
| 948 | _c04/03/1997 | ||
| 999 |
_c91659 _d91659 |
||